000 00439nab a2200145Ia 4500
003 ES-SlBCS
005 20210601125005.0
008 140529s1998 xxu||||| |||| 00| 0 eng d
041 _aeng
100 1 _aJohnston, Mark D.
_9150991
245 0 0 _aAre Manifest Qualities Response-Dependent?
_c Mark D. Johnston
650 0 4 _aCualidades Secundarias
_9151407
773 0 _tMonist, the
_gvol. 81, nº. 1, 1998, págs. 3-43
_wRev1667
942 _cAR
999 _c522896
_d522896